Music Quiz

Random Music or Decade Quiz

Grammy 'Album of Year' Artists by Decade Quiz Stats

 Plays Quiz Updated Feb 10, 2019

Score 0/7 Timer 03:00
2 Plays Today
Decade Artist % Correct
1960sBob Newhart, Judy Garland, Vaughn Meader, Barbra Streisand, Stan Getz & João Gilberto, Frank Sinatra, The Beatles, Glen Campbell
91.7%
1980sBilly Joel, Christopher Cross, John Lennon & Yoko Ono, Toto, Michael Jackson, Lionel Richie, Phil Collins, Paul Simon, U2, George Michael
87.4%
2010sTaylor Swift, Arcade Fire, Adele, Mumford & Sons, Daft Punk, Beck, Bruno Mars, Kacey Musgraves
83.6%
1990sBonnie Raitt, Quincy Jones, Natalie Cole, Eric Clapton, Whitney Houston, Tony Bennett, Alanis Morissette, Celine Dion, Bob Dylan, Lauryn Hill
72.9%
1970sBlood, Sweat & Tears, Simon & Garfunkel, Carole King, George Harrison & Friends, Stevie Wonder, Paul Simon, Fleetwood Mac, Bee Gees
65.3%
2000sSantana, Steely Dan, Various Artists, Norah Jones, OutKast, Ray Charles, U2, Dixie Chicks, Herbie Hancock, Robert Plant & Alison Krauss
64.4%
1950sHenry Mancini, Frank Sinatra
56.8%

You're not logged in!

Compare scores with friends on all Sporcle quizzes.
OR
Log In

Show Comments

Extras

Top Quizzes Today


Score Distribution

Your Account Isn't Verified!

In order to create a playlist on Sporcle, you need to verify the email address you used during registration. Go to your Sporcle Settings to finish the process.

Report this User

Report this user for behavior that violates our Community Guidelines.

Details: